000 00896nam a2200265 a 4500
001 21130
003 UkOxU
005 20211209000642.0
008 960307r19741971enkacef 001 0 eng d
020 _a0563102799 (BBC; pbk)
020 _a0719522404 (Murray; pbk)
035 _aBD-RjUL)21194
040 _aBD-RjUL
_beng
_cBD-RjUL
041 _aeng
082 0 4 _a901.9
_bCLC 1974
100 1 _aClark, Kenneth,
_d1903-1983
_952398
245 1 0 _aCivilisation :
_ba personal view /
_cKenneth Clark.
260 _aLondon :
_bBritish Broadcasting Corporation and John Murray,
_c1971 [Reprinted 1974]
300 _axviii, 359 p., 49 plates :
_bill. (some col.), facsims., plan, ports. (some col.) ;
_c25 cm.
500 _aFirst published 1969.
650 0 _aCivilization
_xHistory.
_965314
650 0 _aArt
_xHistory.
_965315
710 2 _aBritish Broadcasting Corporation.
_965316
942 _2ddc
_cBK
999 _c21130
_d21130